000
00334nam a22001457a 4500
008
221121b ||||| |||| 00| 0 eng d
020
_a
0387088741
041
_a
eng
080
_a
621
082
_a
621 SAN
100
_a
19.1
101
_a
MEKA
245
_a
FOUNDATIONS OF THEORETICAL MECHANICS I
_c
SANTILLI M R
942
_2
udc
_c
BK
999
_c
58964
_d
58964